| Tag |
First Indicator |
Second Indicator |
Subfields |
| LEADER |
00000pam a2200000 4500 |
| 001 |
in00000036637 |
| 005 |
20151007062149.0 |
| 008 |
720803r19721892nyua 00000 eng |
| 010 |
|
|
|a 72004966
|
| 020 |
|
|
|a 0405046375
|
| 035 |
|
|
|a (OCoLC)00388593
|
| 035 |
|
|
|9 AAD4109AM
|
| 040 |
|
|
|a DLC
|c DLC
|d TXA
|d UtOrBLW
|
| 049 |
|
|
|a TXAM
|c [1558907]
|
| 050 |
0 |
0 |
|a PS2107
|b .P6 1972
|
| 082 |
0 |
|
|a 811/.4
|
| 100 |
1 |
|
|a Jackson, Helen Hunt,
|d 1830-1885.
|
| 245 |
1 |
0 |
|a Poems.
|
| 264 |
|
1 |
|a New York :
|b Arno Press,
|c 1972.
|
| 300 |
|
|
|a xvi, 266 pages :
|b illustrations, plates ;
|c 22 cm.
|
| 336 |
|
|
|a text
|b txt
|2 rdacontent
|
| 337 |
|
|
|a unmediated
|b n
|2 rdamedia
|
| 338 |
|
|
|a volume
|b nc
|2 rdacarrier
|
| 490 |
1 |
|
|a The Romantic tradition in American literature
|
| 500 |
|
|
|a Reprint of the 1892 edition published by Roberts Brothers, Boston.
|
| 830 |
|
0 |
|a Romantic tradition in American literature.
|
| 999 |
|
|
|a MARS
|
| 999 |
f |
f |
|s 5640b99a-4476-30d4-a3dc-328ef9da04d5
|i 8588dcbe-a540-3511-ab90-80cc21bc6997
|t 0
|
| 952 |
f |
f |
|p ric
|a Texas A&M University
|b Rellis Campus
|c Joint Library Facility
|d Remote Storage
|t 0
|e PS2107 .P6 1972
|h Library of Congress classification
|i unmediated -- volume
|m A14804060449
|
| 998 |
f |
f |
|a PS2107 .P6 1972
|t 0
|l Remote Storage
|